Bulgarian regions (oblasti) - Statistics

General Stats
  • This quiz has been taken 811 times
  • The average score is 19 of 28
Answer Stats
Hint Answer % Correct
Sofia-grad
96%
Varna
92%
Bourgas
91%
Plovdiv
90%
Rousse
81%
Vidin
77%
Veliko Turnovo
74%
Pleven
73%
Stara Zagora
73%
Blagoevgrad
71%
Dobrich
68%
Montana
67%
Sliven
66%
Pernik
65%
Haskovo
64%
Shoumen
64%
Vratsa
64%
Silistra
63%
Yambol
63%
Gabrovo
56%
Kyustendil
55%
Razgrad
55%
Kurdzhali
54%
Lovech
54%
Pazardzhik
54%
Smolyan
54%
Sofia (oblast)
52%
Turgovishte
47%
No matching quizzes found
Score Distribution
Percent of People with Each Score
Percentile by Number Answered
Your Score History
You have not taken this quiz